Welcome to WEB OPAC of MRSPTU Central Library

Remedial Biology : Natural Sciences (Record no. 7329)

MARC details
000 -LEADER
fixed length control field 00401nam a2200169Ia 4500
008 - FIXED-LENGTH DATA ELEMENTS--GENERAL INFORMATION
fixed length control field 230711s9999||||xx |||||||||||||| ||und||
020 ## - INTERNATIONAL STANDARD BOOK NUMBER
International Standard Book Number 978-93-86943-13-2
041 ## - LANGUAGE CODE
Language code of text/sound track or separate title ENG
082 ## - DEWEY DECIMAL CLASSIFICATION NUMBER
Classification number 570
Item number DA-R
100 ## - MAIN ENTRY--PERSONAL NAME
Personal name Das,Kuntal
245 #0 - TITLE STATEMENT
Title Remedial Biology : Natural Sciences
250 ## - EDITION STATEMENT
Edition statement 1st Ed.
260 ## - PUBLICATION, DISTRIBUTION, ETC.
Date of publication, distribution, etc. 2017
Place of publication, distribution, etc. Pune
Name of publisher, distributor, etc. Nirali Prakashan
300 ## - PHYSICAL DESCRIPTION
Extent 5.40p.
650 ## - SUBJECT ADDED ENTRY--TOPICAL TERM
Topical term or geographic name entry element Pharmacy
942 ## - ADDED ENTRY ELEMENTS (KOHA)
Koha item type Book
Holdings
Withdrawn status Lost status Damaged status Not for loan Collection Home library Current library Date acquired Source of acquisition Cost, normal purchase price Inventory number Total checkouts Full call number Barcode Date last seen Date last checked out Price effective from Koha item type Date due
          MRSPTU Central Library MRSPTU Central Library 10/03/2043 Krishna Book Distributors 175.00 KBD/2017-2018/1020843059 2 570 DA-R P1138 08/09/2024 08/09/2024 08/17/2023 Book  
          MRSPTU Central Library MRSPTU Central Library 10/03/2043 Krishna Book Distributors 175.00 KBD/2017-2018/1020843059 3 570 DA-R P1139 01/15/2026 12/09/2025 08/17/2023 Book  
          MRSPTU Central Library MRSPTU Central Library 10/03/2043 Krishna Book Distributors 175.00 KBD/2017-2018/1020843059 4 570 DA-R P1140 12/07/2023 11/02/2023 08/17/2023 Book  
          MRSPTU Central Library MRSPTU Central Library 10/03/2043 Krishna Book Distributors 175.00 KBD/2017-2018/1020843059 1 570 DA-R P1141 04/06/2026 04/06/2026 08/17/2023 Book 04/27/2026
          MRSPTU Central Library MRSPTU Central Library 10/03/2043 Krishna Book Distributors 175.00 KBD/2017-2018/1020843059 2 570 DA-R P1142 02/05/2024 12/29/2023 08/17/2023 Book  
          MRSPTU Central Library MRSPTU Central Library 10/03/2043 Krishna Book Distributors 175.00 KBD/2017-2018/1020843059 3 570 DA-R P1143 12/01/2025 10/29/2025 08/17/2023 Book  
          MRSPTU Central Library MRSPTU Central Library 10/03/2043 Krishna Book Distributors 175.00 KBD/2017-2018/1020843059 4 570 DA-R P1144 01/28/2026 12/19/2025 08/17/2023 Book  

Website Designed and Developed by MRSPTU Central Library Team

E-mail Id: librarian@mrsptu.ac.in